| 000 | 01564nam a2200325 i 4500 | ||
|---|---|---|---|
| 001 | 178810 | ||
| 003 | ES-MaACL | ||
| 005 | 20240613124150.0 | ||
| 008 | 110707s2010 sp d |||| | spa d | ||
| 020 | _a978-84-9768-790-4 | ||
| 080 | _a32(4-672 UE) | ||
| 245 | 0 | 3 |
_aLa Unión Europea ante los grandes retos del siglo XXI _b: aportaciones al Grupo de Reflexión del Consejo Europeo, presidido por Felipe González / _cCarlos Westendorp, Nicolás Sartorius, Alfonso Egea de Haro (editores) ; Félix Arteaga, David Chico Zamanillo, Antonio M. Díaz Fernández ... [et al.] ; prólogos de Felipe González y Diego López Garrido. |
| 260 |
_aMadrid : _bFundación Alternativas : _bMarcial Pons, _c2010. |
||
| 300 |
_a262 p. : _bgráf. ; _c24 cm. |
||
| 504 | _aReferencias bibliográficas. | ||
| 505 | 8 |
_aContiene: ; _tLa Europa social ; _tEconomía europea ; _tSeguridad y acción exterior |
|
| 610 | 1 | 7 |
_aUnión Europea- _xPolítica y gobierno. _97023 |
| 700 | 1 |
_aWestendorp, Carlos. _9147299 |
|
| 700 | 1 |
_aSartorius, Nicolás. _9103894 |
|
| 700 | 1 |
_aEgea de Haro, Alfonso. _9147300 |
|
| 700 | 1 |
_aArteaga Martín, Félix. _9147301 |
|
| 700 | 1 |
_aGonzález Márquez, Felipe, _d1942- _958780 |
|
| 700 | 1 |
_aLópez Garrido, Diego. _973667 |
|
| 710 | 2 |
_aFundación Alternativas. _9138628 |
|
| 852 |
_aES-MaACL _9185672 _bR.146140 _jA-11327 _cDEPO1 _dOlim: N-4331 _xDonación: Fundación Alternativas |
||
| 914 |
_9138628 _aFundación Alternativas _ednr |
||
| 942 |
_2udc _cMONOGRAFIA |
||
| 999 |
_c178810 _d178810 |
||